000 01739cam a2200385 a 4500
001 EDZ0000063842
003 StDuBDS
005 20161031105212.0
006 m||||||||d||||||||
007 cr |||||||||||
008 120326s1994 enk fo| 001|0|eng|d
020 _a9781446221853 (ebook) :
_cNo price
040 _aStDuBDS
_beng
_cStDuBDS
_epn
049 _aAlfaisal Main Library
050 0 _aQ175.5
_b.N46 1994
082 0 4 _a338.47001
_223
245 0 4 _aThe new production of knowledge
_h[electronic resource] :
_bthe dynamics of science and research in contemporary societies /
_cMichael Gibbons ... [et al.].
260 _aLondon :
_bSAGE,
_c1994.
300 _a1 online resource (ix, 179 p.)
520 8 _aIn this provocative and broad-ranging work, the authors argue that the ways in which knowledge - scientific, social and cultural - is produced are undergoing fundamental changes at the end of the twentieth century. They claim that these changes mark a distinct shift into a new mode of knowledge production which is replacing or reforming established institutions, disciplines, practices and policies.
521 _aSpecialized.
588 _aDescription based on print version record.
504 _aIncludes bibliographical references and index.
650 0 _aScience
_xSocial aspects.
650 0 _aKnowledge, Theory of.
650 0 _aResearch.
650 0 _aScience and state.
650 0 _aTechnology and state.
655 7 _aElectronic books.
_2local
700 1 _aGibbons, Michael,
_d1939-
710 2 _aSage eBooks
776 0 8 _iPrint version :
_z9780803977945
856 4 0 _uhttp://ezproxy.alfaisal.edu/login?url=http://sk.sagepub.com/books/the-new-production-of-knowledge
942 _2lcc
_cEBOOKS
999 _c481601
_d481601